000 00440nam a2200181Ia 4500
005 20250423100210.0
008 250422s9999 xx 000 0 und d
020 _a9789350144268
050 _aTK 7874 .S53/
100 _aSharma, Sanjay
245 0 _aMicroelectronics: analog & digital
260 _aNew Delhi
260 _bS. K. Kataria & sons
260 _c2013
300 _a724 p
650 _aMicroelectronics.
942 _cBK
999 _c32581
_d32581